书目信息 |
| 题名: |
国际金融简明教程
|
|
| 作者: | 岳桂宁 , 曾宪友 , 唐菁菁 编著 | |
| 分册: | ||
| 出版信息: | 武汉 华中科技大学出版社 2016.3 |
|
| 页数: | 341页 | |
| 开本: | 26cm | |
| 丛书名: | ||
| 单 册: | ||
| 中图分类: | F831 | |
| 科图分类: | ||
| 主题词: | 国际金融--guo ji jin rong--高等学校--教材 | |
| 电子资源: | ||
| ISBN: | 978-7-5680-1592-9 | |
| 000 | 01072nam0 2200289 450 | |
| 001 | 0100004720 | |
| 005 | 20160416145621.0 | |
| 010 | @a978-7-5680-1592-9@dCNY40.00 | |
| 100 | @a20160416d2016 em y0chiy0121 ea | |
| 101 | 0 | @achi |
| 102 | @aCN@b420000 | |
| 105 | @aak a 000yy | |
| 106 | @ar | |
| 200 | 1 | @a国际金融简明教程@Aguo ji jin rong jian ming jiao cheng@f岳桂宁, 曾宪友, 唐菁菁编著 |
| 205 | @a第2版 | |
| 210 | @a武汉@c华中科技大学出版社@d2016.3 | |
| 215 | @a341页@c图@d26cm | |
| 300 | @a高等学校经管类“十二五”规划精品教材 | |
| 320 | @a有书目 | |
| 330 | @a本书是在广西大学“十一五”期间第二批重点教材立项建设项目的基础上不断完善而成的。全书共6篇20章, 分为基础篇 (1-6章)、外汇交易篇 (7-9章)、国际结算篇 (10-11章)、融资方式篇 (12-14章)、理论篇 (15-17章)、管理篇 (18-20章)。 | |
| 606 | 0 | @a国际金融@Aguo ji jin rong@x高等学校@j教材 |
| 690 | @aF831@v5 | |
| 701 | 0 | @a岳桂宁@Ayue gui ning@4编著 |
| 701 | 0 | @a曾宪友@Azeng xian you@4编著 |
| 701 | 0 | @a唐菁菁@Atang jing jing@4编著 |
| 801 | 0 | @aCN@c20160515 |
| 905 | @a河南城建学院图书馆@dF831@eY948=2 | |
| 国际金融简明教程/岳桂宁, 曾宪友, 唐菁菁编著.-第2版.-武汉:华中科技大学出版社,2016.3 |
| 341页:图;26cm |
| 高等学校经管类“十二五”规划精品教材 |
| ISBN 978-7-5680-1592-9:CNY40.00 |
| 本书是在广西大学“十一五”期间第二批重点教材立项建设项目的基础上不断完善而成的。全书共6篇20章, 分为基础篇 (1-6章)、外汇交易篇 (7-9章)、国际结算篇 (10-11章)、融资方式篇 (12-14章)、理论篇 (15-17章)、管理篇 (18-20章)。 |
| ● |
| 相关链接 |
|
|
|
正题名:国际金融简明教程
索取号:F831/Y948=2
 
预约/预借
| 序号 | 登录号 | 条形码 | 馆藏地/架位号 | 状态 | 备注 |
| 1 | 1253588 | 212535880 | 社科库409/409社科库 53排7列4层/ [索取号:F831/Y948=2] | 在馆 | |
| 2 | 1253589 | 212535899 | 社科二线422/422社科库 31排1列1层/ [索取号:F831/Y948=2] | 在馆 | |
| 3 | 1253590 | 212535906 | 社科二线422/422社科库 31排1列1层/ [索取号:F831/Y948=2] | 在馆 |